00909nam a2200253 a 450000100060000000300080000600500170001400800410003102000150007203500170008704000230010404100080012708200290013510000260016424500700019026000460026030000290030650400560033552000550039165000220044694200120046899900170048095201580049757630BD-RjUL20211209080533.0161211s2002 ii ab b 000 0 eng  a8186771026 aBD-RjUL57754 aDLCcDLCdDLCbeng aeng 223 a304.632 bPAF 2002 1 aPandey, G. D.917112210aFertility and family planning in primitive tribes /cG.D. Pandey. aNew Delhi :bSerials Publications,c2002. a335 p. :bill. ;c22 cm. aIncludes bibliographical references (p. [317]-330). aWith reference to tribes of Madhya Pradesh, India. 0aFertility9171123 2ddccBK c57630d57630 00102ddc40718NFICaRUCLbRUCLcReadingd2005-11-26eParagon Enterprises Dhakag850.00l0o304.632 PAF 2002r2016-12-11 00:00:00tC-1w2016-12-11yBK